| 000 | 00320 a2200133 4500 | ||
|---|---|---|---|
| 001 | 92164 | ||
| 082 | _a070.5722 NAG | ||
| 090 |
_c44127 _d44126 |
||
| 100 | _aNaghma Habib | ||
| 245 | _aMeri Zameen Mera Akhri Hawala | ||
| 260 |
_aKarachi _bMehran Publishers _c2014 |
||
| 300 |
_a298p. _bHb |
||
| 500 | _aGeneral Book | ||
| 942 |
_aCAE NUST _k070.5722 NAG |
||
| 999 |
_c327237 _d327237 |
||